Techniques de base pour le diagnostic microscopique du paludisme: T2: Guide de l'instructeur

Uloženo v:
Podrobná bibliografie
Hlavní autor: OMS
Médium: Kniha
Jazyk:Undetermined
Vydáno: Genève OMS
Témata:
Tagy: Přidat tag
Žádné tagy, Buďte první, kdo otaguje tento záznam!
Thư viện lưu trữ: Trung tâm Học liệu Trường Đại học Cần Thơ
LEADER 00501nam a2200169Ia 4500
001 CTU_6981
008 210402s9999 xx 000 0 und d
082 |a 616.9362 
082 |b T255/T2 
100 |a OMS 
245 0 |a Techniques de base pour le diagnostic microscopique du paludisme: T2: Guide de l'instructeur 
245 0 |c OMS 
260 |a Genève 
260 |b OMS 
650 |a malaria 
904 |i Nguyễn Quang Điền, 960829 
980 |a Trung tâm Học liệu Trường Đại học Cần Thơ